<?xml version="1.0" encoding="UTF-8"?>
<marc:record xmlns:marc="http://www.loc.gov/MARC21/slim">
   <marc:leader>00000nam a2200000 a 4500</marc:leader>
   <marc:datafield ind1="1" ind2=" " tag="100">
      <marc:subfield code="a">Sautner, Thomas</marc:subfield>
      <marc:subfield code="4">aut</marc:subfield>
      <marc:subfield code="e">Verfasser/-in</marc:subfield>
   </marc:datafield>
   <marc:datafield ind1="0" ind2="0" tag="245">
      <marc:subfield code="a">Die Erfindung der Welt</marc:subfield>
   </marc:datafield>
   <marc:datafield ind1="0" ind2="0" tag="245">
      <marc:subfield code="b">Roman</marc:subfield>
   </marc:datafield>
   <marc:datafield ind1="0" ind2="0" tag="245">
      <marc:subfield code="c">Thomas Sautner</marc:subfield>
   </marc:datafield>
   <marc:datafield ind1=" " ind2="1" tag="264">
      <marc:subfield code="a">Wien</marc:subfield>
      <marc:subfield code="b">Picus Verlag</marc:subfield>
      <marc:subfield code="c">2021</marc:subfield>
   </marc:datafield>
   <marc:datafield ind1="1" ind2=" " tag="520">
      <marc:subfield code="a">Die Schriftstellerin Aliza Berg erhält einen anonymen Brief mit dem großzügig honorierten Auftrag, einen Roman zu schreiben, mit keinem geringeren Thema als dem Leben. Sie soll es mit frischem Blick neu entdecken und unvoreingenommen davon erzählen &#x96; am Beispiel einer vorgegebenen Gegend und all ihrer Bewohner. Auf der beigelegten Landkarte scheint das markierte Gebiet allerdings gänzlich unbewohnt zu sein. Aliza reist also nach Litstein, findet Logis bei Gräfin und Graf Hohensinn und beginnt mit ihren Recherchen. Dabei begegnet sie der eigensinnigen Kristyna in ihrem Haus im Wald ebenso wie dem Eigenbrötler Jakob und dem Trafikanten Peter. Aber vor allem eröffnen sich ihr die wesentlichen Dinge: die Unendlichkeit der Gedanken, die Zartheit und Wucht der Natur und die Kraft der Liebe.</marc:subfield>
   </marc:datafield>
   <marc:datafield ind1=" " ind2=" " tag="020">
      <marc:subfield code="a">9783711721037</marc:subfield>
      <marc:subfield code="9">9783711721037</marc:subfield>
   </marc:datafield>
   <marc:datafield ind1=" " ind2=" " tag="020">
      <marc:subfield code="a">3711721036</marc:subfield>
      <marc:subfield code="9">3711721036</marc:subfield>
   </marc:datafield>
   <marc:datafield ind1=" " ind2=" " tag="041">
      <marc:subfield code="a">ger</marc:subfield>
   </marc:datafield>
   <marc:datafield ind1=" " ind2=" " tag="300">
      <marc:subfield code="a">403 Seiten</marc:subfield>
   </marc:datafield>
</marc:record>
